| Tag |
First Indicator |
Second Indicator |
Subfields |
| LEADER |
00000pam a2200000 a 4500 |
| 001 |
in00000383003 |
| 005 |
20151011094451.0 |
| 008 |
830126s1983 caua b 00110 eng |
| 010 |
|
|
|a 83003085
|
| 020 |
|
|
|a 0803919867
|
| 035 |
|
|
|a (OCoLC)09256266
|
| 035 |
|
|
|9 ABR0851AM
|
| 039 |
0 |
|
|a 2
|b 3
|c 3
|d 3
|e 3
|
| 040 |
|
|
|a DLC
|c DLC
|d TXA
|d UtOrBLW
|
| 049 |
|
|
|a TXAM
|c [1118810]
|
| 050 |
0 |
0 |
|a TK5102.5
|b .B693 1983
|
| 082 |
0 |
|
|a 384.55/564
|2 19
|
| 100 |
1 |
|
|a Bretz, Rudy.
|
| 245 |
1 |
0 |
|a Media for interactive communication /
|c Rudy Bretz with Michael Schmidbauer.
|
| 264 |
|
1 |
|a Beverly Hills [Calif.] :
|b Sage Publications,
|c [1983]
|
| 264 |
|
4 |
|c ©1983
|
| 300 |
|
|
|a 264 pages :
|b illustrations ;
|c 23 cm.
|
| 336 |
|
|
|a text
|b txt
|2 rdacontent
|
| 337 |
|
|
|a unmediated
|b n
|2 rdamedia
|
| 338 |
|
|
|a volume
|b nc
|2 rdacarrier
|
| 500 |
|
|
|a Includes index.
|
| 504 |
|
|
|a Bibliography: pages 255-257.
|
| 650 |
|
0 |
|a Teleconferencing.
|
| 700 |
1 |
|
|a Schmidbauer, Michael.
|
| 999 |
|
|
|a MARS
|
| 999 |
f |
f |
|s 3c2180f7-d3e9-3c45-8531-abe169cec8d1
|i b175135b-f861-3b70-83b5-d790c2dfc977
|t 0
|
| 952 |
f |
f |
|p ric
|a Texas A&M University
|b Rellis Campus
|c Joint Library Facility
|d Remote Storage
|t 0
|e TK5102.5 .B693 1983
|h Library of Congress classification
|i unmediated -- volume
|m A14807561371
|
| 998 |
f |
f |
|a TK5102.5 .B693 1983
|t 0
|l Remote Storage
|